| 000 | 00678nam a22002177a 4500 | ||
|---|---|---|---|
| 999 |
_c136235 _d136235 |
||
| 010 | _aB-158855 B-158862, B-158856 | ||
| 020 |
_a8176487260 _c. |
||
| 035 | _aB-158855,B-158861 B-158862 | ||
| 035 | _aB-158856 | ||
| 037 | _bCen Lib/Ret | ||
| 082 |
_a150 _bJAF |
||
| 100 | _aMahmud, Jafar | ||
| 245 |
_aPsychology : _bSystems and theories / _cby Jafar Mahmud |
||
| 260 |
_aNew Delhi _bA P H Publishing Corporation _c2004 |
||
| 270 |
_a5 Ansari Road Darya Ganj _bNew Delhi _e110002 |
||
| 300 |
_a225p. _c18cm.(Hb) |
||
| 650 | _aPsychology -- History. | ||
| 650 | _aAllgemeine Psychologie. | ||
| 942 |
_2ddc _cEN _h150 _mJAF |
||